Quizzes
Events
Quiz Creation
Community
Videos
Private Events
Remove Ads
Sign In
Join for FREE
Feedback
Dark Mode
Quiz Categories
Sports
Geography
Music
Movies
Television
Just For Fun
Miscellaneous
History
Literature
Language
Science
Gaming
Entertainment
Religion
Holiday
For Kids
Quiz Lab
Recent
Popular Today
Quiz Kudos Today
Editor Picks
Curator Picks
Quizzes by...
Day
Popularity
Type
Ratings
Length
Year
Community
Subscriptions
Recent Discussions
Orange Saloon
Badges
Playlists
Quests
Create
Leaderboards
Showdown
Live 5
Trivia Bingo
Activity
Puzzle Library
Sporcle Events
Private Events
Virtual Trivia
Globe League
Become a Host
Pub Owners
SporcleCon
Opinionation
Our Games
Videos
Blog
Mobile Apps
Partnerships
Remove Ads and Go Orange
Feedback
Just For Fun
Clickable
Get the Picture
Humor
Quick Pick
Word Ladder
Missing Word
Mixed Word
Blitz
Minefield
This or That
Alphabet
Color
Typing
Sporcle
Puzzle
Word Play
Follow That Line
Logic
Just For Fun
Clickable
Get the Picture
Humor
Quick Pick
Word Ladder
Missing Word
Mixed Word
Blitz
Minefield
This or That
Alphabet
Color
Typing
Sporcle
Puzzle
Word Play
Follow That Line
Logic
Random Quiz
Search Sporcle
×
Quiz Lab
Quiz Lab
Just For Fun
Book
Type in answers that appear in a list
Type in answers that appear in a list
Classic
Best Score? Go Orange.
Pretty Little Liars Stats
Can you name the Pretty Little Liars Facts (Books 1-7)?
By
KarmynandMel
12m
30 Questions
1,844 Plays
1,844 Plays
1,844 Plays
Comments
Comments
Give Quiz Kudos
Give Quiz Kudos
-
- Ratings
hide this ad
More Info
Random Order
Randomize order of answers
Randomize order of answers
Replay
Link that replays current quiz
Next Quiz
Link to next quiz in quiz playlist
You Got
0%
They Got
Avg Score
35%
Avg Friend Score
Upgrade to see
Score Distribution
Jump to the score distribution portion of the page
Score
0/30
Timer
12:00
0
Plays Today
Questions
Answers
% Correct
Which out of the 3 girls did Aria suspect was Ali's killer?
Spencer
78.3%
Which girl thinks she's Ali's Half sister?
Spencer
78.3%
Who's the one girl that still wears the bracelet that Ali gave them?
Emily
75.4%
Who did Mike Montgomery start dating?
Hanna
71.5%
Who do they think they saw in the fire?
Alison
59.1%
Hanna's Step Sister
Kate
58.1%
Who does Hanna give pills to?
Kate
58.1%
Byron cheated on Ella With
Meredith
56.1%
Who did Issac believe? Emily or His mom
His mom
54%
Who told Ella about Meredith and Byron?
A
48.5%
Hanna's Dad's Fiance
Isabel
42.8%
What did Alison light into Toby's treehouse?
Firework
38.9%
Hanna's Boyfriend after Sean
Lucas
38.7%
What was the mental institution Jason went to?
Radley
31.9%
What is the name of Hanna's dog?
Dot
27.1%
Questions
Answers
% Correct
In book 3 (Perfect) What type of car did Hanna get hit by
SUV
25.1%
What did Emily find in the drawer of Issac's kitchen?
A picture
24%
What did A text them at the end of the first book?
I'm still here bitches and I know everything
24%
Who does Ella start dating after a while?
Xavier
21.5%
Who committed suicide at the end of the Second book? (Flawless)
Toby Cavanaugh
21%
What's Noel Kahn's brother's name?
Eric Kahn
18.9%
What was Spencer's 'Real Mom's name?
Olivia
18.9%
What two people had brother problems ?
Alison and Jenna
18%
The name of the mall
King James Mall
15.2%
What does Alison's flag not have on it that she said it did?
Manga Frog
12%
The name of Hanna's favorite restaurante ?
Rive Gauche
11.9%
Who do Meredith and Byron move near?
Ian Thomas
11.6%
What is the first thing Hanna steals?
Tiffany Bracelet
9.2%
What institution does Hanna go to?
The preserve at Addison-Stevens
7.9%
Mona's Old Best Friend
Phi Templeton
7%
Quiz Playlist
Details
Report
Send in Message
Add To Playlist
More Info:
You would have to really really pay attention in the books to do well on this quiz!
Classic:
Type in answers that appear in a list
Random Order:
Randomize order of answers
Last Updated: Feb 16, 2017
Quiz Scoreboard
CHALLENGE
Sign Up to Join the Scoreboard
Show All
Scores
Hide
Comments
May contain spoilers
Recently Published
College Basketball Coaching Resumes
by pancakes188
Sports
9m
Billboard Blitz: Fleetwood Mac
by CooCooCachoo
Music
15s
Presidents Visiting Landmarks
by Hejman
History
7m
More to Explore
Quiz From the Vault
Featured Blog Post
Where Did the Easter Bunny Come From?
hide this ad
You Might Also Like...
Tags
Book Quiz
1-7
liar
little
Pretty
Today's Top Quizzes in Just For Fun
Browse Just For Fun
hide this ad
Today's Top Quizzes in Book
Browse Book
Top Contributed Quizzes in Just For Fun
1
Killer Double Trees 224 - Colour Match-Up
2
Spring Typing Challenge
3
Crossword Whiteout! 49
4
Zeroing In: Just For Fun
5
Harry Potter Logic - 'In Chains' II
6
Survivor Winners Logic Puzzle
7
Word Ladder: Ahoy Matey
8
Kyle's 122nd Triple Trees
9
Word Ladder: Wilderness Weapon
10
Edinburgh Fringe jokes 2015
Explore More
Trending Topics
Disney
Kpop
NBA
Harry Potter
Anime
Crossword
Marvel
WWE
NFL
Song
Pokémon
Puzzle
Country
Soccer
The Office
hide this ad
More By:
KarmynandMel
Quiz
Plays
Rating
Category
Featured
Created
Pretty Little Liars Last Names
7,025
2.00
Television
Aug 1, 2010
Who Dated These Degrassi Characters?
5,913
1.80
Television
Aug 26, 2010
Pretty Little Liars
1,844
3.75
Just For Fun
Jul 25, 2010
Go to Creator's Profile
Score Distribution
Quiz Creator Spotlight
KarmynandMel
Follow
Send a Message
Quizzes Created
-
Created Quiz Play Count
-
More By This Creator
Popular Quizzes Today
1
Find the US States - No Outlines Minefield
2
Find the Countries of Europe - No Outlines Minefield
3
The Countries of the World
4
Find the US States
5
Risky Map Clicking: Biggest States A-Z
6
US States
7
Popular People in 1961
8
Movies - When Are They Set?
More Just For Fun Quizzes
Quick Pick: Armageddon Cast
Published
Trending Quizzes
Risky Map Clicking: Least Populous States A-Z
1-10 Letter G Words
1-10 Letter F Words
Risky Map Clicking: Next State Alphabetically
Click the Washington State Counties! (Map)
Recently Updated
Leaping Animals
pecheneg
Reality TV Shows (A-Z)
bhenderson79
Rickey Henderson's Hall of Fame Teammates
pecheneg
Champions League XIs: Arsenal
pecheneg
Quick Pick: Celebrities in WWE's Hall of Fame
aduchscher
A-Z Keypad Blitz II
pecheneg
Multiple Oscar Actors
pecheneg
Mystery Phrase Blitz: Oscar 'Best Actors'
pecheneg
F. Scott Fitzgerald Novels
LTH
Pick 3 Villains
ddd62291
Trending Topics
Kpop
Crossword
Anime
Disney
Harry Potter
NBA
Marvel
Puzzle
Song
NFL
The Office
WWE
Country
Pokémon
Soccer
Your Account Isn't Verified!
In order to create a playlist on Sporcle, you need to verify the email address you used during registration. Go to your
Sporcle Settings
to finish the process.
Report this User
Report this user for behavior that violates our
Community Guidelines
.
Details:
Send Report
Go to the Sporcle.com Mobile Site →
Comments